<?xml version="1.0" encoding="UTF-8"?>
<record
    xmlns:xsi="http://www.w3.org/2001/XMLSchema-instance"
    xsi:schemaLocation="http://www.loc.gov/MARC21/slim http://www.loc.gov/standards/marcxml/schema/MARC21slim.xsd"
    xmlns="http://www.loc.gov/MARC21/slim">

  <leader>00536nam a22001817a 4500</leader>
  <controlfield tag="003">CO-ViMGA</controlfield>
  <controlfield tag="008">170812b        xxu||||| |||| 00| 0 eng d</controlfield>
  <datafield tag="040" ind1=" " ind2=" ">
    <subfield code="a">CO-ViMGA</subfield>
    <subfield code="b">spa</subfield>
    <subfield code="c">CO-ViMGA</subfield>
  </datafield>
  <datafield tag="082" ind1="0" ind2="4">
    <subfield code="b">PASj</subfield>
  </datafield>
  <datafield tag="100" ind1="1" ind2=" ">
    <subfield code="a">PASCUAL, MARIA , </subfield>
    <subfield code="d">1933 - 2011</subfield>
    <subfield code="9">10477</subfield>
  </datafield>
  <datafield tag="245" ind1="1" ind2="0">
    <subfield code="a">Juega y aprende :</subfield>
    <subfield code="b">Gu&#xED;a de los juegos /</subfield>
  </datafield>
  <datafield tag="260" ind1=" " ind2=" ">
    <subfield code="a">Barcelona :</subfield>
    <subfield code="b">Editorial oceano ,</subfield>
  </datafield>
  <datafield tag="300" ind1=" " ind2=" ">
    <subfield code="a">55 p. :</subfield>
    <subfield code="b">Il. ; 23,5 x 17 cm.</subfield>
  </datafield>
  <datafield tag="650" ind1="1" ind2="4">
    <subfield code="a">Juegos para ni&#xF1;os</subfield>
    <subfield code="9">10478</subfield>
  </datafield>
  <datafield tag="700" ind1="1" ind2=" ">
    <subfield code="a">Pascual, Mar&#xED;a</subfield>
    <subfield code="d">1933-2011</subfield>
    <subfield code="e">il.</subfield>
    <subfield code="9">10479</subfield>
  </datafield>
  <datafield tag="942" ind1=" " ind2=" ">
    <subfield code="2">ddc</subfield>
    <subfield code="c">BK</subfield>
  </datafield>
  <datafield tag="945" ind1=" " ind2=" ">
    <subfield code="a">PASj</subfield>
  </datafield>
  <datafield tag="999" ind1=" " ind2=" ">
    <subfield code="c">36786</subfield>
    <subfield code="d">36786</subfield>
  </datafield>
  <datafield tag="952" ind1=" " ind2=" ">
    <subfield code="0">1</subfield>
    <subfield code="1">0</subfield>
    <subfield code="2">ddc</subfield>
    <subfield code="4">4</subfield>
    <subfield code="7">0</subfield>
    <subfield code="8">008</subfield>
    <subfield code="a">MEVIECAR</subfield>
    <subfield code="b">MEVIECAR</subfield>
    <subfield code="d">2017-08-12</subfield>
    <subfield code="l">0</subfield>
    <subfield code="o">PASj</subfield>
    <subfield code="p">974291</subfield>
    <subfield code="r">2017-08-12 00:00:00</subfield>
    <subfield code="w">2017-08-12</subfield>
    <subfield code="y">BK</subfield>
  </datafield>
</record>
